| 000 | 00404cam a22001337a 4500 | ||
|---|---|---|---|
| 008 | 180718b1980 xxu||||| |||| 00| 0 eng d | ||
| 082 | _aI54 Sa19 | ||
| 100 | _aSahai, Baldeo | ||
| 245 |
_aPublic relations: a scientific approach _cby Baldeo Sahai |
||
| 260 |
_aDelhi _bStanding Conference of Public enterprises _c1980 |
||
| 300 | _a336p. | ||
| 650 | _aPublic relations --India | ||
| 650 | _aPublic relations | ||
| 999 |
_c353447 _d353447 |
||